00808nam a2200241Ia 4500001000600000003000900006008004100015040001300056040001300069041001200082100001300094100002900107245004400136245002000180250001100200260001100211260002700222260004900249300005500298500015500353650002700508650003100535A8005IT-RoPAU130308s9999 xx 000 0 und d aIT-RoPAU cIT-RoPAU aINGLESE aCook Pam gCodice Aut. SPICS: 12411 a"Reflections on Eros: ""An Epic Poem""" bFilms For Women a1a ed. aLONDON bBritish Film Institute c1987 [1° Ed.:1986 - Ed.Ling.Originale:1982] a"7 p. (prefazione: no ; testo: 7 [pagine: 79-85])" a"Riflessioni Sull'Eros a Proposito del Film ""An Epic Poem"". Tema Tradizioneale del dualismo tra Guerra e Amore, maschio e femmina Come via al Mito." aGENERI CINEMATOGRAFICI eCodice materia Spics: 6810